000 00553nam a2200181Ia 4500
003 OSt
005 20201221134011.0
008 190216s9999||||xx |||||||||||||| ||und||
020 _a9788126140671
040 _coclc
082 _a330.092
_bSIN/E
100 _aSingh, Chandra Kant
_97735
245 0 _aEncyclopaedic Biography Of World Great Economists /
_cChandra Kant Singh
260 _bAnmol Publications,
_c2009.
_aNew Delhi:
300 _a280p
650 _aReferences
942 _cREF
_2ddc
_h330.092
_iSIN/E
_k330.092
_mSIN/E
999 _c37007
_d37007